Architects' data / (Record no. 554350)

000 -LEADER
fixed length control field 01913cam a22002298i 4500
020 ## - INTERNATIONAL STANDARD BOOK NUMBER
International Standard Book Number 9781119284352 (paperback)
082 00 - DEWEY DECIMAL CLASSIFICATION NUMBER
Classification number 721
Author Mark ERN
-- N-02,P-100
100 1# - MAIN ENTRY--PERSONAL NAME
Personal name Neufert, Ernst,
9 (RLIN) 51798
245 10 - TITLE STATEMENT
Title Architects' data /
Statement of responsibility, etc. Ernst Neufert ; updated by Professor Johannes Kister on behalf of the Neufert Foundation ; with support from the University of Anhalt Dessau Bauhaus (Dipl. Ing. Mathias Brockhaus, Dipl. Ing. Matthias Lohmann and Dipl. Ing. Patricia Merkel) ; translated by David Sturge and Nigel J. Luhman.
250 ## - EDITION STATEMENT
Edition statement Fifth edition.
300 ## - PHYSICAL DESCRIPTION
Extent pages cm
500 ## - GENERAL NOTE
General note "Originally Published in the German Language by Vieweg + Teubner, 65189 Wiesbaden, Germany, as "Ernst Neufert: Neufert Bauentwurfslehre. 41. Auflage (41st Edition)."
520 ## - SUMMARY, ETC.
Summary, etc. "Architects' Data provides an essential reference for the initial design and planning of a building project. Organised largely by building type it covers planning criteria and considerations of function and siting, and with over 6200 diagrams it provides a mass of data on spatial requirements. Most illustrations are dimensioned and each building type includes plans, sections, site layouts and design details. An extensive bibliography and a detailed set of metric/imperial conversion tables are included. Since it was first published in Germany in 1936, Ernst Neufert's handbook has been progressively revised and updated through 41 editions and many translations. This fifth edition of the English language version, based on the most recent German 41st edition, provides a major new edition for an international readership"--
526 ## - STUDY PROGRAM INFORMATION NOTE
Program name 0
Interest level 0
Reading level 0
Title point value 721_000000000000000_ERN
650 #0 - SUBJECT ADDED ENTRY--TOPICAL TERM
Topical term or geographic name entry element Architecture
650 #0 - SUBJECT ADDED ENTRY--TOPICAL TERM
Topical term or geographic name entry element Building
650 #0 - SUBJECT ADDED ENTRY--TOPICAL TERM
Topical term or geographic name entry element Building
General subdivision Planning
9 (RLIN) 51799
650 #7 - SUBJECT ADDED ENTRY--TOPICAL TERM
Topical term or geographic name entry element ARCHITECTURE / Design, Drafting, Drawing & Presentation.
9 (RLIN) 45375
700 1# - ADDED ENTRY--PERSONAL NAME
Personal name Kister, Johannes,
9 (RLIN) 51800
700 1# - ADDED ENTRY--PERSONAL NAME
Personal name Sturge, David,
9 (RLIN) 26145
942 ## - ADDED ENTRY ELEMENTS (KOHA)
Source of classification or shelving scheme
Koha item type Book
Holdings
Withdrawn status Lost status Source of classification or shelving scheme Damaged status Not for loan Permanent Location Current Location Date acquired Total Checkouts Full call number Barcode Date last seen Price effective from Koha item type
          Military College of Engineering (MCE) Military College of Engineering (MCE) 06/23/2020   721 ERN MCE-51436 06/23/2020 06/23/2020 Book
© 2023 Central Library, National University of Sciences and Technology. All Rights Reserved.